Ireland InterCity Railway on a Map - Statistics

General Stats
  • This quiz has been taken 44 times
    42 since last reset
  • The average score is 34 of 97
Answers on the Map
Answers color-coded by a green-red scale on the quiz's map according to % correct below.
 
Answer Stats
Answer % Correct
Cork - Kent
100%
Dublin - Connolly
100%
Dublin - Heuston
100%
Limerick - Colbert
97%
Limerick Junction
97%
Belfast - Grand Central
94%
Galway - Ceannt
90%
Waterford - Plunkett
90%
Wexford - O'Hanrahan
81%
Dundalk
77%
Kilkenny - MacDonagh
77%
Sligo
77%
Drogheda
65%
Kildare
58%
Tipperary
58%
Bray Daly
55%
Tralee
55%
Wicklow
55%
Ballina
52%
Castlebar
52%
Longford
52%
Newry
52%
Carlow
48%
Killarney
48%
Lisburn
48%
Mullingar
48%
Roscommon
48%
Rosslare Europort
48%
Rosslare Strand
48%
Athlone
45%
Ennis
45%
Portlaoise
45%
Sallins and Naas
45%
Westport
45%
Carrick-on-Shannon
39%
Carrick-on-Suir
39%
Maynooth
39%
Tullamore
39%
Mallow
35%
Athenry
32%
Nenagh
32%
Newbridge
32%
Arklow
29%
Clonmel
29%
Greystones
29%
Thurles
29%
Dún Laoghaire
26%
Portarlington
26%
Enniscorthy
23%
Gorey
23%
Kilcock
23%
Oranmore
23%
Portadown
23%
Roscrea
23%
Athy
19%
Boyle
19%
Edgeworthstown
19%
Enfield
19%
Lurgan
19%
Millstreet
19%
Thomastown
19%
Ballymote
16%
Charleville
16%
Claremorris
16%
Collooney
16%
Drumcondra
16%
Farranfore
16%
Gort
16%
Kilcoole
16%
Pearse
16%
Rathdrum
16%
Ardrahan
13%
Ballinasloe
13%
Ballybrophy
13%
Ballyhaunis
13%
Banteer
13%
Castleconnell
13%
Castlerea
13%
Clara
13%
Craughwell
13%
Dromod
13%
Foxford
13%
Hazelhatch and Celbridge
13%
Manulla
13%
Monasterevin
13%
Rathmore
13%
Sixmilebridge
13%
Tara Street
13%
Attymon
10%
Broombridge
10%
Cahir
10%
Muine Bheag
10%
Templemore
10%
Woodlawn
10%
Birdhill
6%
Cloughjordan
6%
Leixlip Louisa Bridge
6%
No matching quizzes found
Score Distribution
Percent of People with Each Score
Percentile by Number Answered
Your Score History
You have not taken this quiz since the last reset